000 01301nam2a22002291 4500
001 rc\514955
005 20250621232538.0
035 _a(NLR Aleph) 005975926
090 _a6978352
_c6978352
100 _a20070321d1988 |||y0rusy50 ca
101 0 _arus
102 _aRU
105 _ay |||||||||
200 0 _a1908 год: [В 6 вып., вып. 6]
_fОтв. сост. Б.Д. Гальперина, В.В. Шелохаев
_g[Авт. коммент. С.С. Агапин и др.]
210 _d1988
_aБ. м.
215 _a1105-1291, [4] с.
461 0 _1001rc\1189161
_12001#$aОсобые журналы Совета министров царской России, 1906-1917 гг.$eПубликация$f[АН СССР, Ин-т истории СССР и др.]$gРедкол.: В.И. Бовыкин (отв. ред.) и др.$v1908 год: [В 6 вып., вып. 6]
_96960814
_aРоссия. Совет министров
_cМ.
_d1982
_f[АН СССР, Ин-т истории СССР и др.]
_nИн-т истории
_oПубликация
_tОсобые журналы Совета министров царской России, 1906-1917 гг.
_v1908 год: [В 6 вып., вып. 6]
801 0 _aRU
_bNLR
_gpsbo
801 1 _aRU
_bELAR
_2rusmarc
852 _aNLR
_j88-8/1632
942 _cBOOK
980 _aNB